00875cam a22002894a 450000100090000000300040000900500170001300800410003001000170007102000150008802000220010304000180012504200140014305000240015708200190018110000190020024500400021925000210025926000390028030000320031944000560035152100070040752600080041465000530042265000210047585600890049612064449OSt20140310184454.0000619s2001 nyua b 001 0ceng  a 00055550  a0789473844 a0789473836 (pbk.) aDLCcDLCdDLC apccalcac00aPZ 7b.St783d9 200100aKF bSt2d 20011 aChrisp, Peter.10aDinosaur detectives /cPeter Chrisp a1st American ed. aNew York :bScholastic Inc.c2001. a84p. :bcol. ill. ;c23 cm. 0aDorling Kindersley readers.n4,pProficient readers aG2 c310 0aPaleontologistsvBiographyvJuvenile literature. 1aPaleontologists.423Publisher descriptionuhttp://www.loc.gov/catdir/enhancements/fy0721/00055550-d.html